BIOSTATISTICS (Record no. 2169)

MARC details
000 -LEADER
fixed length control field 00300nam a2200121Ia 4500
008 - FIXED-LENGTH DATA ELEMENTS--GENERAL INFORMATION
fixed length control field 220530s9999 xx 000 0 und d
100 ## - MAIN ENTRY--PERSONAL NAME
Personal name SARMUKADOM
9 (RLIN) 60553
245 ## - TITLE STATEMENT
Title BIOSTATISTICS
250 ## - EDITION STATEMENT
Edition statement FIRST
260 ## - PUBLICATION, DISTRIBUTION, ETC. (IMPRINT)
Place of publication, distribution, etc. NAGPUR
Name of publisher, distributor, etc. JAYPEE PUBLICATION,NAGPUR
Date of publication, distribution, etc. 2010
650 ## - SUBJECT ADDED ENTRY--TOPICAL TERM
Topical term or geographic name as entry element RESEARCH
9 (RLIN) 60554
Holdings
Withdrawn status Lost status Damaged status Not for loan Home library Current library Date acquired Vendor Cost, normal purchase price Total Checkouts Barcode Date last seen Bill Date Koha item type Original Barcode
        Sitabai Nargundkar College of Nursing Nagpur Sitabai Nargundkar College of Nursing Nagpur 30/03/2010 TEXTBOOK,PURCHASE JAYPEE BROTHERS PUBLICATION,NAGPUR,INVOICE NO.1925 146.25   SNCN-BK-848 31/05/2022 31/05/2022 Books 848